000 00676nam a2200229 i 4500
001 bg
100 1 _aJASTRZĘBSKA, Grażyna
245 1 0 _aZbiór zadań z elektrotechniki ogólnej /
_cGrażyna Jastrzębska, Ryszard Nawrowski ; Politechnika Poznańska.
260 _aPoznań :
_bWydaw. PP,
_c1995.
300 _a211, [1] s. :
_brys., wykr. ;
_c24 cm.
504 _aBibliogr. s. [212].
650 9 _aElektrotechnika
655 _aPodręczniki akademickie
700 1 _aNAWROWSKI, Ryszard
020 _a8371430884
040 _cBPK
041 0 _apl
080 _a621.3(075.8)
920 _a83-7143-088-4
942 _cKS
008 s pl f |000 0 pol
999 _c10337
_d10337
856 _uhttp://koha.tu.koszalin.pl/cgi-bin/koha/opac-detail.pl?biblionumber=10337
_yKatalog online BPK